书目信息 |
| 题名: |
笔记本电脑芯片级维修从入门到精通
|
|
| 作者: | 张军 , 王红军 编著 | |
| 分册: | ||
| 出版信息: | 北京 中国铁道出版社 2017 |
|
| 页数: | 426页 | |
| 开本: | 26cm | |
| 丛书名: | 硬件维修工程师成长之路 | |
| 单 册: | ||
| 中图分类: | TP368.320.7-64 | |
| 科图分类: | ||
| 主题词: | 笔记本计算机--Bi Ji Ben Ji Suan Ji--芯片--维修--图解 | |
| 电子资源: | ||
| ISBN: | 978-7-113-22354-0 | |
| 000 | 01284nam 2200313 450 | |
| 001 | 012001002425 | |
| 005 | 20140101094248.0 | |
| 010 | @a978-7-113-22354-0@dCNY59.80 | |
| 099 | @aCAL 012017012103 | |
| 100 | @a20170216d2017 em y0chiy50 ea | |
| 101 | 0 | @achi |
| 102 | @aCN@b110000 | |
| 105 | @aa z 000yy | |
| 106 | @ar | |
| 200 | 1 | @a笔记本电脑芯片级维修从入门到精通@ABi Ji Ben Dian Nao Xin Pian Ji Wei Xiu Cong Ru Men Dao Jing Tong@f张军, 王红军编著 |
| 205 | @a图解版 | |
| 210 | @a北京@c中国铁道出版社@d2017 | |
| 215 | @a426页@c图@d26cm | |
| 225 | 2 | @a硬件维修工程师成长之路@AYing Jian Wei Xiu Gong Cheng Shi Cheng Zhang Zhi Lu |
| 312 | @a英文并列题名取自封面 | |
| 330 | @a本书重点讲解了笔记本电脑芯片级故障维修诊断方法;主要包括:电路板元器件的检测维修技术、笔记本电脑拆卸技术、笔记本电脑10大关键电路等组成结构及工作原理,同时还详细讲解了笔记本电脑电路快速诊断维修技术并给出了大量的维修实例。 | |
| 410 | 0 | @12001 @a硬件维修工程师成长之路 |
| 510 | 1 | @aNotebook computer chip level maintenance@zeng |
| 606 | 0 | @a笔记本计算机@ABi Ji Ben Ji Suan Ji@x芯片@x维修@j图解 |
| 690 | @aTP368.320.7-64@v4 | |
| 701 | 0 | @a张军@AZhang Jun@4编著 |
| 701 | 0 | @a王红军@AWang Hong Jun@4编著 |
| 801 | 0 | @aCN@b北京卓展@c20191020 |
| 905 | @b1203391-4@dTP368.320.7-64@e602@f4 | |
| 笔记本电脑芯片级维修从入门到精通/张军, 王红军编著.-图解版.-北京:中国铁道出版社,2017 |
| 426页:图;26cm.-(硬件维修工程师成长之路) |
| ISBN 978-7-113-22354-0:CNY59.80 |
| 本书重点讲解了笔记本电脑芯片级故障维修诊断方法;主要包括:电路板元器件的检测维修技术、笔记本电脑拆卸技术、笔记本电脑10大关键电路等组成结构及工作原理,同时还详细讲解了笔记本电脑电路快速诊断维修技术并给出了大量的维修实例。 |
| ● |
| 相关链接 |
|
|
|
|
正题名:笔记本电脑芯片级维修从入门到精通
索取号:TP368.320.7-64/602
 
预约/预借
| 序号 | 登录号 | 条形码 | 馆藏地/架位号 | 状态 | 备注 |
| 1 | 1203391 | 212033912 | 第二样本阅览室/ [索取号:TP368.320.7-64/602] | 在馆 | |
| 2 | 1203392 | 212033921 | 第三借阅区/ [索取号:TP368.320.7-64/602] | 在馆 | |
| 3 | 1203393 | 212033930 | 第三借阅区/ [索取号:TP368.320.7-64/602] | 在馆 | |
| 4 | 1203394 | 212033949 | 第三借阅区/ [索取号:TP368.320.7-64/602] | 在馆 |